| 000 | 00958cab a2200289 4500 | ||
|---|---|---|---|
| 001 | ABS56009 | ||
| 008 | 090401t1996 xxu||||| |||| 00| 0 eng d | ||
| 035 | _a(Sirsi) u20398 | ||
| 041 | _aeng | ||
| 100 | _aSpurdon, S. | ||
| 245 | _aRegulating the mortgage maze | ||
| 260 | _c1996 | ||
| 350 | _a0 | ||
| 490 |
_aNegotiator _v11(21) 4-18 October 1996, 10-11(2) |
||
| 520 | _aConsiders the regulation of mortgage sales, either by voluntary code, as advocated by the CML, or by legislation as supported by the National Consumer Council (NCC). Tables of CML and NCC proposals. | ||
| 650 | _aCODE OF MORTGAGE LENDING PRACTICE | ||
| 650 | _aCONSUMER CREDIT ACT 1974 | ||
| 650 | _aCOUNCIL OF MORTGAGE LENDERS | ||
| 650 | _aFINANCIAL SERVICES ACT 1986 | ||
| 650 | _aMORTGAGE MARKET | ||
| 650 | _aMORTGAGE SALES | ||
| 650 | _aNATIONAL CONSUMER COUNCIL | ||
| 650 | _aREGULATION | ||
| 690 | _aHOUSING-FINANCE | ||
| 942 | _n0 | ||
| 948 | _c04/03/1997 | ||
| 999 |
_c13666 _d13666 |
||